Suomalaisia keihäänheittäjiä -Kuvavisa - Statistics

Yleistilastot
  • Tätä visaa on pelattu 95 kertaa
  • Keskiarvotulos 12 / 18
Vastaustilastot
Kuvavisa Vastaus % Oikein
Seppo Räty
97%
Tero Pitkämäki
95%
Antti Ruuskanen
87%
Oliver Helander
83%
Tapio Rautavaara
83%
Jorma Kinnunen
79%
Kimmo Kinnunen
79%
Lassi Etelätalo
78%
Tiina Lillak
75%
Aki Parviainen
68%
Heli Rantanen
68%
Tapio Korjus
68%
Mikaela Ingberg
62%
Ari Mannio
59%
Teemu Wirkkala
58%
Matti Järvinen
45%
Jonni Myyrä
33%
Hannu Siitonen
30%
Ehtoja vastaavia visoja ei löytynyt
Tulosjakauma
Jokaisen tuloksen saaneiden osuus
Persentiili vastausten määrän mukaan
Tuloshistoriasi
Et ole pelannut tätä visaa